The Impossible Kid Tracklist (Aesop Rock) - Statistics

General Stats
  • This quiz has been taken 8 times
  • The average score is 12 of 15
Answer Stats
Hint Answer % Correct
3 Lotta Years
100%
1 Mystery Fish
100%
2 Rings
100%
9 Shrunk
100%
7 Blood Sandwich
80%
13 Defender
80%
4 Dorks
80%
8 Get Out Of The Car
80%
10 Kirby
80%
5 Rabies
80%
11 TUFF
80%
14 Water Tower
80%
15 Molecules
60%
12 Lazy Eye
40%
6 Supercell
40%
No matching quizzes found
Score Distribution
Percent of People with Each Score
Percentile by Number Answered
Your Score History
You have not taken this quiz